Statistiques concernant Les 20 Plus Célèbres Mots français

Cliquez ici pour prendre le quiz!

Statistiques générales

  • Ce quiz a été pris 1 320 fois
  • Le résultat moyen est 14 sur 20

Statistiques - réponses

%Mot% Correct
91à
90%
71il, ils
86%
79je
85%
84la, là, le, l', les
85%
74tu
83%
69nous
82%
78vous
82%
78mon, ma, mes
81%
67et
76%
75de
70%
74ou, où
68%
66elle, elles
65%
67son, sa, ses
65%
70un, une, des
60%
69être
54%
65me
54%
56ce, cet, cette, ces
52%
58bon
43%
55non
41%
54oui
38%

Distribution des résultats

Percentile par nombre de réponses

% des personnes avec chaque résultat

Votre développement - résultats

Vous n’avez pas pris ce quiz